|
|
|
|
| LEADER |
01024nam a22002057a 4500 |
| 008 |
170327b xxu||||| |||| 00| 0 eng d |
| 999 |
|
|
|c 17137
|d 17137
|
| 082 |
|
|
|a 297.22
|b KAR
|
| 100 |
|
|
|a കാരകുന്ന്, ശൈഖ് മുഹമ്മദ്
|
| 240 |
|
|
|a Mathathinte manushika mulyam
|
| 245 |
|
|
|a മതത്തിന്റെ മാനുഷിക മുഖം /
|c ശൈഖ് മുഹമ്മദ് കാരകുന്ന്
|
| 250 |
|
|
|a 5th ed.
|
| 260 |
|
|
|a കോഴിക്കോട് :
|b ഇസ്ലാമിക് പബ്ലിഷിംഗ് ഹൗസ്,
|c 2011.
|
| 300 |
|
|
|a 87p.
|
| 650 |
|
|
|a Islam
|
| 650 |
|
|
|a Religion
|
| 700 |
|
|
|a Karakunnu, Sheikh Muhammed
|
| 942 |
|
|
|2 ddc
|c BK
|
| 952 |
|
|
|0 0
|1 0
|2 ddc
|4 0
|6 297_220000000000000_KAR
|7 0
|9 24052
|a MAIN
|b MAIN
|d 2017-03-27
|e Gift
|g 40.00
|l 1
|o 297.22 KAR
|p 17985
|r 2017-10-09
|s 2017-09-28
|t 1
|w 2017-03-27
|y BK
|
| 952 |
|
|
|0 0
|1 0
|2 ddc
|4 0
|6 297_220000000000000_KAR
|7 0
|9 24172
|a MAIN
|b MAIN
|d 2017-03-31
|e Gift
|g 40.00
|o 297.22 KAR
|p 23120
|r 2017-03-31
|t 2
|w 2017-03-31
|y BK
|